| 000 | 00625nam a2200193Ia 4500 | ||
|---|---|---|---|
| 003 | IN-BaIIA | ||
| 008 | 211028s9999 xx 000 0 eng d | ||
| 020 | _a0-7167-1355-1 | ||
| 040 | _cIIA Library | ||
| 080 |
_a52-37 _bBRE |
||
| 100 |
_aBreuer, Reinhard _913122 |
||
| 245 | 0 |
_aContact with the stars _bthe search for extraterrestrial life _cReinhard Breuer |
|
| 260 |
_aOxford _bW. H. Freeman _c1982 |
||
| 300 | _ax, 292p. | ||
| 650 | _aAstronomy and astrophysics thesaurus | ||
| 650 |
_aExtraterrestrial life _94250 |
||
| 650 |
_aInterstellar communication _97541 |
||
| 942 | _cBK | ||
| 999 |
_c7768 _d7768 |
||